[Event "GER-ch Youth U16 2020"]
[Site "Willingen"]
[Date "2020.10.22"]
[Round "4.4"]
[White "Boder, Jan"]
[Black "Pahl, Erik"]
[Result "1/2-1/2"]
[WhiteElo "2155"]
[BlackElo "2097"]
[Annotator "TA"]
[PlyCount "124"]
[EventDate "2020.10.20"]
[EventType "swiss"]
[EventRounds "7"]
[EventCountry "GER"]
[SourceTitle "playchess.com"]
[Source "ChessBase"]
[SourceQuality "1"]

{[%evp 16,124,22,0,9,-2,8,-10,21,0,23,0,0,3,35,37,50,13,29,28,37,24,30,25,33,1,76,12,60,47,45,41,20,26,58,0,9,4,15,-162,-137,-369,-375,-365,-374,-361,-148,-441,-450,-424,-227,-475,-479,-573,-527,-745,-73,-64,-71,-82,-62,-74,-43,-55,0,0,0,0,0,0,0,-2,8,0,24,0,69,0,0,0,0,0,0,0,0,0,0,0,0,0,0,-132,-132,-103,-112,-99,0,0,0,0,0,-95,-101,-80,-72,-87,-22,-317,-316,-276,-276]} 1. c4 e5 2. g3 Nc6 3. Bg2 d6 4. Nc3 Be6 5. d3 Qd7 6. Rb1 g6 7. b4 Bg7 8. b5 Nd8 9. e3 Ne7 {A25: English Opening vs King's Indian with ...Nc6 but without early d3.} 10. Nd5 O-O 11. Ne2 Nc8 {The position is equal.} 12. O-O c6 13. bxc6 bxc6 14. Ndc3 f5 15. Qa4 Ne7 {[#]} 16. Qa6 $146 ({Predecessor:} 16. f4 Rc8 17. Ba3 Rc7 18. d4 exd4 19. exd4 Bf7 20. d5 cxd5 21. Qxd7 Rxd7 22. cxd5 {½-½ (54) Kiik,K (2436)-Manninen,M (2423) Finland 2002}) 16... Rc8 17. Rb3 g5 18. f4 gxf4 19. exf4 Ng6 20. Be3 Rf7 (20... d5 $11 21. cxd5 (21. Qxa7 $2 Rc7 $17) (21. Bxa7 $2 dxc4 22. dxc4 Ra8 $17) 21... cxd5 22. Bxd5 (22. Qxa7 $2 Rc7 $17) (22. Bxa7 Ra8 $17) 22... Bxd5 23. Nxd5 Ne6) 21. Rfb1 (21. d4 $16 exf4 22. Nxf4) 21... Bf6 22. d4 exf4 23. Nxf4 Nxf4 24. gxf4 {Threatens to win with d5.} Rg7 25. Ne2 Qf7 26. Ng3 {White wants to play d5!} Rc7 27. Rb4 $2 (27. d5 $11 {and White stays safe.} cxd5 28. cxd5 Bxd5 29. Bxd5 Qxd5 30. Qd3) 27... h5 $1 $19 {...h4 is the strong threat.} 28. Kh1 $2 (28. Kf1 $17) 28... h4 29. Ne2 Qh5 (29... Qg6 30. Bf3 $11) 30. Ng1 {[#]} Kh7 (30... Rxg2 $1 $19 {[%mdl 512]} 31. Kxg2 Rg7+ 32. Kf1 Qg4) 31. Rf1 $2 {[%mdl 8192] [#]} (31. R4b3 $17 {might work better.}) 31... Rxg2 $1 {[%mdl 512]} 32. Kxg2 Bc8 (32... c5 $142 33. dxc5 Rg7+ 34. Kf2 h3) 33. Qa4 $2 (33. Qa3 {was forced.} c5 34. Rb8 cxd4 {[%mdl 64] Discovered Attack} 35. Bd2) 33... c5 {Hoping for ...h3+!} 34. dxc5 dxc5 35. Rbb1 {[#]} Bb7+ $2 ({Not} 35... Rg7+ 36. Kf2 $17) (35... h3+ $1 $19 {[%mdl 512] and Black stays clearly on top.} 36. Kh1 (36. Nxh3 Qg4+) 36... Qg4) 36. Rxb7 $17 Qg4+ 37. Kh1 Nxb7 {[%cal Bd8b7,Bb7a5,Ba5c4][%mdl 32]} 38. Qd1 Na5 39. Qd5 {Black must now prevent Nf3.} Rg7 (39... h3 $1 $15 40. Rf2 Rb7) 40. h3 $11 Qg6 41. Ne2 Nxc4 42. Bxc5 Nb6 43. Qc6 Bd8 44. Qf3 Qe8 45. Bd4 Re7 (45... Rd7 $1 $11) 46. Be5 ({Better is} 46. Rf2 $1 $14) 46... Nc4 {Strongly threatening ...Nd2.} 47. Nd4 Nd2 48. Qf2 {[%mdl 64] Double Attack} Nxf1 49. Qxh4+ Kg6 50. Qf6+ Kh7 51. Qh4+ $1 ({Don't play} 51. Nxf5 Ng3+ 52. Nxg3 Rf7 $17) 51... Kg6 52. Qf6+ Kh7 53. Nxf5 (53. Qh4+ $1 $11 {was the only way to keep the balance.} Kg6) 53... Ng3+ $1 $17 54. Nxg3 {[#]} Rf7 $1 $36 {[%mdl 2048] White is under strong pressure.} 55. Qa6 {aiming for Qd3+.} Rd7 ({Black should play} 55... Qd7 $17 56. Qf1 Qd5+ 57. Kh2 Qxa2+ 58. Ne2 Qc2) 56. Qe2 $1 $11 Bh4 57. Ne4 {And now Qg4 would win.} Qg6 58. Nc3 (58. Qf3 $11 {remains equal.}) 58... Rd3 $17 59. Qg4 Qc6+ 60. Kh2 {[%csl Ge5][%cal Rg4g7] [#]} Bg3+ ({Black should try} 60... Rd2+ $1 $17 61. Ne2 Bf6) 61. Qxg3 $4 {[%mdl 8192]} (61. Kg1 $11 {and White has nothing to worry.} Qg6 62. Ne4) 61... Rxg3 $19 62. Kxg3 Qg6+ {[%mdl 32768] Av CentiPawn Loss W=-38/B=-33. Weighted=-43/-32. An unexpected result.} 1/2-1/2

[Event "GER-ch Youth U16 2020"]
[Site "Willingen"]
[Date "2020.10.22"]
[Round "4.5"]
[White "Hinrichs, Paul"]
[Black "Deuer, Marius"]
[Result "0-1"]
[WhiteElo "2168"]
[BlackElo "2209"]
[Annotator "TA"]
[PlyCount "116"]
[EventDate "2020.10.20"]
[EventType "swiss"]
[EventRounds "7"]
[EventCountry "GER"]
[SourceTitle "playchess.com"]
[Source "ChessBase"]
[SourceQuality "1"]

{[%evp 14,116,20,10,25,20,27,18,23,24,26,25,25,15,125,59,78,77,82,17,16,12,22,11,8,16,10,0,0,-10,0,0,0,0,0,0,0,-3,-4,-1,0,0,0,0,0,0,0,0,33,32,33,14,40,16,62,44,50,31,39,26,60,13,12,12,4,-13,-23,-8,-17,-8,-16,-14,-14,-14,-13,-38,0,-21,0,-57,-41,-53,-47,-83,-80,-109,-74,-416,-377,-1429,-1954,-1740,-1412,-1461,-1329,-694,-1383,-1288,-1103,-1250,-1241,-1035,-900,-29979,-29980]} 1. d4 Nf6 2. c4 e6 3. Nc3 Bb4 4. e3 b6 5. Nge2 c5 6. a3 Ba5 7. Rb1 Na6 {7...Qe7 is the modern continuation.} 8. g3 Bb7 {[#] E42: Nimzo-Indian: Rubinstein: 4...c5 5 Ne2.} 9. d5 $1 {[%mdl 512]} b5 (9... exd5 10. Bg2) 10. b3 Ne4 {The position is equal.} 11. Bd2 Nxd2 12. Qxd2 exd5 13. Bg2 O-O (13... b4 $11 14. axb4 Nxb4) 14. O-O (14. cxb5 $16 Bxc3 15. Nxc3) 14... bxc4 15. bxc4 Rb8 16. cxd5 (16. Bxd5 $16 Bc6 17. Qd3) 16... d6 $11 17. Qc2 Bc8 {[#]} 18. Nb5 $146 ({Predecessor:} 18. Na4 Bd7 19. Nb2 Bb5 20. Be4 h6 21. Bd3 Qc7 22. Bxb5 Rxb5 23. Nc4 Rfb8 24. Rxb5 Rxb5 25. Qa4 {1-0 (25) Verstraeten,R (2298)-Sekandar,K (2093) Vlissingen 2014}) 18... Bb6 19. Nec3 Nc7 20. Rfd1 Nxb5 21. Nxb5 Qf6 22. Qc3 Qe7 23. a4 {[%cal Ba3a4,Ba4a5][%mdl 32]} a6 24. Na3 $1 Bd7 25. a5 Bc7 26. Bf1 Bf5 27. Rxb8 Rxb8 28. Bxa6 Ra8 29. Bd3 Bxa5 30. Qc2 Bxd3 (30... Bg4 {with more complications.} 31. Rc1 g6 32. Nc4 Bb4 33. Kg2 Bd7) 31. Qxd3 Bc7 32. Nc4 f6 33. e4 Re8 34. f3 Qd7 35. Kg2 Ra8 36. Rd2 Qb5 37. f4 (37. Rb2 $5 {[%cal Rb2b5]} Qe8 38. Qc2 $14) 37... Ra4 38. Rc2 Qb1 39. e5 Ra2 40. Ne3 $132 {[%mdl 2048] White puts up resistance} Rxc2+ 41. Nxc2 dxe5 42. Qc4 {[#] Black must now prevent d6+.} Bd6 {Threatens to win with ...exf4.} 43. fxe5 fxe5 44. h4 g6 45. Qe4 Kg7 46. g4 (46. Qa4 $11) 46... Qb5 47. g5 c4 48. Qf3 {Strongly threatening Qf6+.} Qd7 49. Ne3 c3 50. Ng4 $2 {[%mdl 8192] This move loses the game for White.} (50. Qf6+ $17 {is tougher.} Kg8 51. Qf3) 50... Qf5 $19 51. Nf2 $2 (51. Ne3 Qxf3+ 52. Kxf3) 51... Qxf3+ 52. Kxf3 {[%mdl 4096] Endgame KB-KN} Bc5 53. Nd3 Bd4 54. Ke4 Kf7 (54... Kf8 $142 55. d6 Ke8) 55. Nb4 Ke7 56. Kd3 Kd6 57. Kc4 Bf2 58. Kxc3 Be1+ {Av CentiPawn Loss W=-42/B=0. Weighted=-43/4} 0-1

[Event "GER-ch Youth U16 2020"]
[Site "Willingen"]
[Date "2020.10.22"]
[Round "4.6"]
[White "Lohvinov, Petro"]
[Black "Mainka, Alwin"]
[Result "1-0"]
[WhiteElo "2152"]
[BlackElo "1954"]
[Annotator "TA"]
[PlyCount "167"]
[EventDate "2020.10.20"]
[EventType "swiss"]
[EventRounds "7"]
[EventCountry "GER"]
[SourceTitle "playchess.com"]
[Source "ChessBase"]
[SourceQuality "1"]

{[%evp 22,167,25,24,41,34,37,38,35,37,44,0,0,11,39,46,46,0,51,43,71,34,55,11,24,42,37,45,54,53,69,8,14,-6,0,-21,32,10,48,41,52,47,64,43,133,35,48,48,30,0,77,23,37,0,35,0,46,0,28,13,14,4,5,0,26,30,31,0,0,0,0,0,238,232,244,238,264,247,234,0,56,0,252,0,49,0,245,239,195,185,278,257,595,560,486,466,803,803,803,746,803,803,803,803,803,746,792,769,769,768,845,841,2476,1860,29980,29980,29982,29981,29980,29982,29982,29981,29983,29982,29982,29977,29977,29976,29982,29982,29982,29983,29981,7132,29987,29988,29988,29989,29991,29992,29992,29991,29991,0,29992,29991,29991,29992]} 1. e4 c5 2. Nf3 d6 3. d4 cxd4 4. Nxd4 Nf6 5. Nc3 g6 6. Be3 Bg7 7. f3 O-O 8. Qd2 Nc6 9. O-O-O d5 10. Kb1 Nxd4 11. e5 Nf5 12. exf6 exf6 {12...exf6 scores better than 12...Bxf6. B76: Sicilian Dragon: Yugoslav Attack, 9 g4 and 9 0-0-0.} 13. Nxd5 {Hoping for Bc5.} Nxe3 14. Qxe3 {And now Ne7+ would win.} Be6 {White is slightly better.} 15. Bc4 f5 16. Nc3 Qf6 17. Bxe6 fxe6 18. Rd6 Rfe8 19. Re1 Kf7 {[#]} (19... Rad8 $11 20. Rxd8 (20. Rxe6 Rxe6 21. Qxe6+ Qxe6 $11) 20... Qxd8) 20. Red1 $146 ({Predecessor:} 20. Rd7+ Re7 21. Red1 Qe5 22. Rxe7+ Kxe7 23. Qd3 Qc7 24. Nb5 Qc6 25. Nxa7 Qa4 26. Qd6+ {½-½ (34) Schaller,T (2008)-Lick,P (2163) Werther 2019}) 20... b6 21. Qd3 Re7 22. Qb5 Qe5 23. Qc6 Rae8 24. g3 g5 25. Qc4 Rb7 26. g4 (26. R6d2 $14) 26... Qc5 $11 27. Qa6 Rc7 28. R6d3 Bxc3 (28... Ree7 $11) 29. Rxc3 $14 Qe5 (29... Rd8 {keeps more tension.} 30. Rc1 Qe5 31. Rxc7+ Qxc7 32. gxf5 exf5 33. h4 gxh4 34. Qa4 Qe7) 30. Rxc7+ Qxc7 {[%mdl 4096] Endgame KQR-KQR} 31. a3 Re7 32. Qd3 Kf6 (32... Qxh2 $14 33. gxf5 Qe5) 33. Rd2 (33. gxf5 $16 exf5 34. h4 $1 {[%mdl 512]}) 33... Qf4 34. Qc3+ Qe5 35. Qd3 Qe1+ (35... Qf4 $11 {keeps the balance.}) 36. Ka2 (36. Rd1 $16 Qh4 37. Qe2) 36... Qe5 $1 $11 37. Kb1 Qf4 38. Qc3+ Kg6 (38... Qe5 $5 {[%cal Re5c3]}) 39. Qd3 Kh6 40. Qd8 Rf7 41. gxf5 Rxf5 42. Qd7 Rf6 43. Rd3 Qxh2 44. Qxa7 (44. Qe7 $5 {[%cal Re7f6]} Kg6 45. Rd7 $14) 44... Qg1+ 45. Ka2 {Qe7 is the strong threat.} Qc5 46. Rd2 {White threatens Rh2+ and mate.} Qc4+ $2 (46... Kg6 $11 {and Black is okay.}) 47. b3 $18 Qf4 48. Rd7 Qf5 49. Qc7 {Intending Qh2+ and mate.} e5 50. Rd2 $2 (50. a4 $18) 50... Qf4 (50... Kg6 $1 $11) 51. Rd7 $2 (51. Qd8 $14) 51... Qf5 52. Rd2 $2 ({White should play} 52. a4 $18) 52... Qf4 $14 53. Rd7 $2 (53. Re2 $14) 53... Qf5 $18 {[#] Black is on the road to losing.} 54. a4 $1 Qg6 55. Rd2 $36 {[%mdl 2048] White is really pushing.} ({Worse is} 55. Qxe5 Qxc2+ 56. Ka3 Rxf3 $11) 55... Qh5 (55... Qf7 {might work better.} 56. Qxe5 Kg6) 56. Qxe5 Qxf3 $2 (56... Qg6 {is more resistant.} 57. Kb1 Qf7) 57. Rh2+ Kg6 58. Qe8+ Rf7 (58... Kf5 $142 59. Qd7+ Ke5) 59. Qg8+ Rg7 60. Qe6+ {[%mdl 64] Double Attack} Qf6 {[#]} 61. Rh6+ $1 {[%mdl 576] Skewer, Deflection} Kxh6 62. Qxf6+ {KQ-KR} Rg6 63. Qf2 g4 64. Qh4+ Kg7 65. Qg3 h5 66. b4 {[%cal Bb3b4,Bb4b5][%mdl 32]} Kh6 67. a5 bxa5 68. b5 Kg5 69. Qe5+ Kh4 70. Qh2+ Kg5 71. c4 h4 72. c5 g3 73. Qg2 Rf6 74. Qd5+ Kg4 75. c6 Rf2+ 76. Kb3 Rf3+ 77. Kc4 (77. Ka4 $142 Rf8 78. c7 Kh3 79. b6 Kh2 80. b7 Rf1 81. c8=Q Ra1+ 82. Kb5) 77... g2 78. c7 Rf4+ 79. Kd3 Kg3 80. c8=Q Rf3+ 81. Kc2 Rf2+ 82. Kd3 Rf3+ {[#]} 83. Qxf3+ $3 {[%mdl 64] Deflection} Kxf3 84. Qh3+ {[%mdl 64] Double Attack. Av CentiPawn Loss W=-36/B=-78. Weighted=-25/-89} 1-0

[Event "GER-ch Youth U16 2020"]
[Site "Willingen"]
[Date "2020.10.22"]
[Round "4.7"]
[White "Dahl, Christoph"]
[Black "Nguyen, Alex Dac-Vuong"]
[Result "1/2-1/2"]
[WhiteElo "2262"]
[BlackElo "2343"]
[Annotator "TA"]
[PlyCount "75"]
[EventDate "2020.10.20"]
[EventType "swiss"]
[EventRounds "7"]
[EventCountry "GER"]
[SourceTitle "playchess.com"]
[Source "ChessBase"]
[SourceQuality "1"]

{[%evp 11,75,18,20,20,36,12,30,19,16,15,14,17,20,18,25,0,0,-7,30,25,14,0,0,0,22,15,15,15,15,0,11,14,12,13,14,12,6,12,9,9,20,11,20,17,18,18,19,18,20,15,38,52,48,60,56,42,62,0,0,0,0,0,0,0,4,7]} 1. e4 c6 2. Nc3 d5 3. Nf3 Bg4 4. h3 Bxf3 5. Qxf3 e6 6. d4 dxe4 7. Qxe4 {B11: Caro-Kann: Two Knights Variation.} Nf6 8. Qd3 (8. Qh4 {keeps more tension.} Bd6 9. Bd3 Nbd7 10. O-O h6 11. a4) 8... Nbd7 9. g3 {White has an edge.} Bd6 10. Bg2 O-O 11. O-O Qc7 12. Re1 Rfe8 {[#]} 13. b3 $146 ({Predecessor:} 13. a3 e5 14. Be3 Rad8 15. Rad1 exd4 16. Bxd4 Be5 17. Ne4 Nxe4 18. Bxe5 Nxe5 19. Qxe4 Rxd1 20. Rxd1 {½-½ (27) Krabbe,W (2330)-Sadler,C (2315) ICCF email 2016}) 13... Rad8 14. Ne4 Be7 15. Bf4 Qb6 16. Nd6 Bxd6 17. Bxd6 e5 18. Rad1 {[%cal Rd4e5]} Re6 19. dxe5 Nxe5 20. Qf5 Rexd6 21. Rxd6 Rxd6 22. Qxe5 {[#] Threatening mate with Qe8+!} Qd8 23. Bf3 Re6 24. Qc3 Rxe1+ 25. Qxe1 h6 26. Qe3 a6 27. c4 Qc7 28. b4 a5 29. a3 {[%cal Ba2a3,Ba3b4][%mdl 32]} axb4 30. axb4 Kf8 31. Qc5+ Ke8 32. b5 {[%cal Rb5c6]} Nd7 $1 {[%cal Rd7c5]} 33. Qe3+ Kd8 $1 34. Qa7 (34. Qa3 $14) 34... cxb5 $11 {The position is equal.} 35. cxb5 b6 36. Qa8+ Ke7 37. Bc6 Nc5 38. Qa1 {Av CentiPawn Loss W=-5/B=-4. Weighted=-4/-4} 1/2-1/2

[Event "GER-ch Youth U16 2020"]
[Site "Willingen"]
[Date "2020.10.22"]
[Round "4.8"]
[White "Simukov, Erik"]
[Black "Dobrikov, Marco"]
[Result "0-1"]
[WhiteElo "2012"]
[BlackElo "2332"]
[Annotator "TA"]
[PlyCount "50"]
[EventDate "2020.10.20"]
[EventType "swiss"]
[EventRounds "7"]
[EventCountry "GER"]
[SourceTitle "playchess.com"]
[Source "ChessBase"]
[SourceQuality "1"]

{[%evp 22,50,-16,-39,-18,-31,-29,-36,-36,-96,-88,-90,-81,-85,-78,-80,-74,-99,-102,-97,-99,-149,-109,-104,-104,-150,-106,-124,-116,-1393,-719]} 1. e4 c5 2. Nf3 d6 3. d4 cxd4 4. Nxd4 Nf6 5. Nc3 a6 6. Be2 e5 7. Nb3 Be7 8. O-O O-O 9. Kh1 Nc6 {[%cal Bb8c6,Bc6e5,Be5g6][%mdl 32]} 10. Be3 b5 11. f4 Bb7 12. a3 Rc8 {B92: Sicilian Najdorf: 6 Be2.} 13. Qd2 exf4 14. Rxf4 Ne5 {Black is slightly better.} 15. Nd5 {[#]} (15. Qd4 $15) 15... Ng6 $146 ({Predecessor:} 15... Bxd5 16. exd5 Re8 17. Rc1 Nc4 18. Bxc4 bxc4 19. Na1 Qd7 20. Rcf1 Qb5 21. Rf5 Ne4 {0-1 (29) Holestak,J (1930)-Cabarkapa,M (2225) Krynica 1999}) 16. Bb6 Qd7 {White must now prevent ...Bxd5.} 17. Nxf6+ Bxf6 18. Bg4 Qc6 19. Bxc8 Rxc8 20. Rxf6 gxf6 21. Bd4 {Na5 is the strong threat.} Qxc2 22. Bxf6 Qxe4 {And now ...Rc2 would win.} ({Don't blunder} 22... Bxe4 $2 {[#]} 23. Rc1 $1 $18 {[%mdl 512]}) 23. Rg1 {Qh6 would kill now.} Re8 24. Nd4 Qg4 25. Nc2 $2 {[%mdl 8192] [#]} (25. Qf2 $17) 25... Re2 $1 {Av CentiPawn Loss W=-93/B=-58. Weighted=-221/-29} 0-1

[Event "GER-ch Youth U16 2020"]
[Site "Willingen"]
[Date "2020.10.22"]
[Round "4.9"]
[White "Müller, Magnus"]
[Black "Khachatryan, Taron"]
[Result "1-0"]
[WhiteElo "2030"]
[BlackElo "2136"]
[Annotator "TA"]
[PlyCount "89"]
[EventDate "2020.10.20"]
[EventType "swiss"]
[EventRounds "7"]
[EventCountry "GER"]
[SourceTitle "playchess.com"]
[Source "ChessBase"]
[SourceQuality "1"]

{[%evp 20,89,45,44,66,58,85,63,77,50,78,29,87,55,58,44,67,7,0,-13,-16,-16,-7,-10,-9,-75,-54,-72,-66,-60,10,22,99,102,163,203,296,295,291,285,432,416,417,408,467,466,452,445,420,385,476,473,501,501,501,501,513,491,490,479,935,895,816,804,850,818,822,1054,1009,990,988,933]} 1. e4 c5 2. Nf3 d6 3. d4 cxd4 4. Nxd4 Nf6 5. f3 e6 6. c4 Nc6 7. Nc3 a6 8. Be3 Be7 9. Be2 Qc7 10. O-O O-O 11. Rc1 Nxd4 {B54: Sicilian: 2...d6 3 d4 cxd4 4 Nxd4, Unusual Lines .} 12. Bxd4 {[#]} h6 $146 ({Predecessor:} 12... Bd7 13. Qe1 Bc6 14. g4 Kh8 15. Qg3 Nd7 16. h4 Bf6 17. Be3 Be5 18. f4 Bxc3 19. Rxc3 Bxe4 {1-0 (29) Latreche,K (1900)-Kalinina,L (2131) chess.com INT 2020}) 13. Qd2 b6 {White is slightly better.} 14. b4 Rd8 15. Kh1 Bd7 (15... Bb7 $11 {remains equal.}) 16. Rfd1 Be8 17. Qe1 Qb7 18. Qf2 (18. a4 $14) 18... b5 $1 $11 19. c5 dxc5 20. Bxc5 Rac8 21. Rxd8 Rxd8 22. Rd1 (22. Bxe7 $11 Qxe7 23. Qb6) 22... Rc8 $17 23. e5 $1 {[%cal Re5f6] [#]} Bxc5 $1 24. bxc5 Nd7 (24... b4 $1 $15 25. Rb1 Qc7 26. Bxa6 (26. exf6 bxc3 27. Bxa6 Rd8 $17) 26... Rd8) 25. Ne4 $36 {[%mdl 2048] Black must now prevent Nd6. White has good play.} Qc7 {[#]} (25... Rc7 $11) 26. f4 $1 $16 {White now steadily converts the win.} Nxc5 (26... Nb8 $16) 27. Nd6 $18 Na4 (27... f5 $142) 28. Nxc8 Qxc8 29. Bf3 {Strongly threatening Qd4.} b4 (29... Nc3 $142) 30. Qd4 Bb5 31. Qxb4 {Hoping for Qe7.} Qc5 32. Qxc5 ({Weaker is} 32. Rd8+ Kh7 $18) 32... Nxc5 {[%mdl 4096] Endgame KRB-KBN} 33. Rd8+ Kh7 34. Kg1 g6 35. Kf2 {White is clearly winning.} Nd3+ 36. Ke3 Nb4 37. Rd2 g5 38. g3 gxf4+ 39. gxf4 Ba4 (39... Nc6 $142 40. Rc2 Ne7 41. Be4+ Kg8) 40. Be4+ Kg7 41. a3 Nc6 42. Rd6 Na5 43. Rxa6 Nc4+ 44. Kd4 Bb5 45. Ra7 {Av CentiPawn Loss W=-8/B=-36. Weighted=-8/-38} 1-0

[Event "GER-ch Youth U16 2020"]
[Site "Willingen"]
[Date "2020.10.22"]
[Round "4.10"]
[White "Reimer, Philip"]
[Black "Skabs, Denis"]
[Result "0-1"]
[WhiteElo "1984"]
[BlackElo "1875"]
[Annotator "TA"]
[PlyCount "70"]
[EventDate "2020.10.20"]
[EventType "swiss"]
[EventRounds "7"]
[EventCountry "GER"]
[SourceTitle "playchess.com"]
[Source "ChessBase"]
[SourceQuality "1"]

{[%evp 14,70,22,18,32,22,28,28,39,34,53,39,32,45,29,-15,-12,0,88,0,193,141,120,100,248,246,236,223,257,189,311,118,956,210,192,125,695,689,841,58,72,-238,-233,-241,-259,-361,-341,-347,-352,-362,-352,-2016,-1953,-1737,-1647,-1637,-1624,-2276,-864]} 1. e4 e5 2. Nf3 Nc6 3. Bc4 Nf6 4. Ng5 d5 5. exd5 Na5 6. Bb5+ c6 7. dxc6 bxc6 8. Bd3 Nd5 {C58: Two Knights: 4 Ng5 d5 5 exd5 Na5 sidelines.} 9. Nf3 Bd6 10. O-O O-O {White has an edge.} 11. Re1 f5 $1 {[%mdl 4] And now ...e4 would win. outshines the older 11...Re8.} 12. Nxe5 Qf6 $1 13. Nf3 g5 $1 {[%cal Rg5g4]} 14. c3 g4 15. Nd4 {[#]} f4 $146 (15... Qh6 $11 {remains equal.} 16. g3 f4) ({Predecessor:} 15... Qh6 16. g3 f4 17. Bf1 fxg3 18. fxg3 Rf2 19. Bg2 Bxg3 20. hxg3 Rxg2+ 21. Kxg2 Qh3+ {0-1 (42) Coenen,N (2293)-Buhmann,R (2565) Germany 2019}) 16. Be4 (16. f3 $16) 16... Bc7 $2 (16... Qh4 $1 $11) 17. d3 (17. b4 $18 Nc4 18. Qa4) 17... Bd7 $16 18. b4 Nxc3 (18... Nxb4 $16 {was called for.} 19. Ba3 {[%mdl 64] Pin} Nd5) 19. Nxc3 $18 Qxd4 20. Bb2 Qxb4 21. Rb1 {Threatens to win with Nd5!} Qd6 (21... Qc5 {was worth a try.} 22. Qd2 g3) 22. Qc2 $2 (22. Qc1 $18 {is more deadly. Strongly threatening Nb5!} Rab8 23. Ba3) 22... Bf5 $2 {[%mdl 8192] [#]} ({But not} 22... f3 $2 23. g3 $18) (22... Rab8 $16) 23. Bxf5 $2 (23. Nb5 $1 {[%mdl 512]} Qd8 (23... cxb5 24. Qc3) 24. Nxc7) 23... Rxf5 24. Ne4 (24. Re4 $1 $18) 24... Qd8 $2 {[%mdl 8192]} (24... Qh6 $16) 25. Nc5 g3 {...gxf2+ is the strong threat.} 26. hxg3 $2 (26. Qc3 $18 {[%csl Gb2][%cal Rc3g7]} Qf6 27. Qxf6 Rxf6 28. Bxf6) 26... fxg3 $14 27. fxg3 $2 {[%mdl 8192] [#]} (27. Re4 $1 $16 {is necessary to keep the advantage.} gxf2+ 28. Qxf2 Rxf2 29. Rg4+ Kf8 30. Ne6+ Ke8 31. Nxd8 Rxb2 32. Rg8+ Ke7 33. Rg7+ Kf6 34. Rxb2 Bxd8 35. Rxh7) 27... Rxc5 $1 $19 {[%mdl 512]} 28. Qe2 {Intending Qe6+ and mate.} ({Don't play} 28. Qxc5 Bb6 $19) 28... Qd7 29. Qe7 Qxe7 30. Rxe7 {[#]} Bb6 $1 31. Rg7+ Kf8 32. Kf1 $2 (32. d4 Rc1+ 33. Rxc1 Kxg7 34. Kf1) 32... Rf5+ {Black is clearly winning.} 33. Ke1 Re8+ 34. Kd2 Rf2+ {[%mdl 64] Double Attack} 35. Kd1 Rxb2 {Av CentiPawn Loss W=-151/B=-118. Weighted=-131/-192} (35... Rf1+ $142 36. Kd2 Rxb1) 0-1

[Event "GER-ch Youth U16 2020"]
[Site "Willingen"]
[Date "2020.10.22"]
[Round "4.11"]
[White "Weihrauch, Jakob"]
[Black "Zackrisson, Peter"]
[Result "1-0"]
[WhiteElo "2184"]
[BlackElo "1947"]
[Annotator "TA"]
[PlyCount "109"]
[EventDate "2020.10.20"]
[EventType "swiss"]
[EventRounds "7"]
[EventCountry "GER"]
[SourceTitle "playchess.com"]
[Source "ChessBase"]
[SourceQuality "1"]

{[%evp 12,109,28,29,28,-58,-60,-51,-24,-23,35,33,26,21,33,0,13,12,135,6,69,59,63,51,50,41,77,86,81,7,35,31,31,33,67,29,37,33,91,101,99,95,102,76,68,35,89,18,26,3,6,0,27,8,40,33,37,10,12,13,37,0,0,-32,-29,-26,0,0,0,0,115,115,115,115,115,0,0,0,149,114,118,98,126,135,173,172,29980,29980,29982,29983,29983,29984,29984,29985,29985,29986,29986,29987,29987,29988]} 1. e4 c5 2. Nf3 d6 3. d4 cxd4 4. Nxd4 Nf6 5. Nc3 a6 6. h3 e6 7. g4 d5 {B81: Sicilian Scheveningen: Keres Attack.} 8. e5 (8. Nde2 $11) 8... Nfd7 $1 $15 9. Qe2 Bc5 {[#] Black is slightly better.} 10. Be3 $146 ({Predecessor:} 10. Nb3 Bb4 11. Bd2 Nc6 12. f4 Qh4+ 13. Qf2 Qxf2+ 14. Kxf2 g5 15. fxg5 Ndxe5 16. Be2 {0-1 (47) Lengyel,B (2326)-Gerard,N (2333) Budapest 2006}) 10... Qb6 (10... Nc6 $11 11. Nxc6 bxc6 12. Bxc5 Nxc5) 11. O-O-O $14 Qc7 12. f4 Nc6 13. Bg2 Nxd4 14. Bxd4 b5 (14... O-O $11 {remains equal.}) 15. Rhe1 ({White must play} 15. Nxd5 $1 $16 exd5 16. Bxd5 Bxd4 17. Rxd4) 15... Nb6 (15... O-O $11) 16. Qf2 Bxd4 17. Rxd4 Bd7 18. f5 O-O-O 19. Rf4 Kb8 20. Qd4 (20. fxe6 $16 Bxe6 21. Rd1) 20... Nc4 21. b3 Na5 22. Kb2 Be8 23. a4 Nc6 24. Qc5 Qa7 (24... b4 $14) 25. Qxa7+ $16 Nxa7 26. axb5 axb5 27. Rb4 Kc7 28. Ra1 {aiming for fxe6.} Kb6 29. Bf1 (29. h4 $1 $16) 29... h5 $11 30. Na4+ Kc6 31. Nc3 $1 {[%csl LRa7,LRb5]} Kb6 $1 32. Rf4 d4 33. Ne4 Nc6 34. fxe6 fxe6 35. Ng5 $36 {[%mdl 2048] White is more active.} Bd7 36. Re1 Rdf8 37. Ree4 hxg4 38. hxg4 Kc5 39. Nf7 Rh2 40. Bd3 Kd5 (40... Ra8 $11) 41. Bxb5 $16 g5 {[#]} 42. Bxc6+ $1 ({Of course not} 42. Nxg5 $6 Rxf4 43. Bc4+ (43. Rxf4 Nxe5 44. Bc4+ Kc5 $11) 43... Kc5 $11) 42... Kxc6 43. Rf3 ({White should try} 43. Nxg5 $16 Rxf4 44. Rxf4) 43... Kd5 $11 44. Nxg5 Rxc2+ (44... Rc8 $11 45. Rd3 Rhxc2+ 46. Ka3 Ra8+ 47. Kb4 Rb8+ 48. Ka3 Ra8+ 49. Kb4 Rb8+ 50. Ka3 Ra8+) 45. Kxc2 $16 Rxf3 {[#]} 46. Rxd4+ $1 {[%mdl 512]} Kxd4 47. Nxf3+ $11 {[%mdl 4096] Endgame KB-KN} Ke4 {[#]} 48. g5 $1 {[%cal Rg5g6] Black must now prevent g6.} Kxf3 $2 $18 {KB-K3P} (48... Be8 $18 49. Nh4 Kxe5) 49. g6 {White mates.} Be8 50. g7 Bf7 51. Kd3 Kf4 52. Kd4 Kg5 53. b4 {[%cal Bb3b4,Bb4b5,Bb5b6][%mdl 32]} Kh6 54. b5 Kxg7 55. b6 {Av CentiPawn Loss W=-16/B=-42. Weighted=-20/-44} 1-0